| 000 | 00383nam a2200157Ia 4500 | ||
|---|---|---|---|
| 008 | 210716s1994 xx 000 0 und d | ||
| 020 | _a0256121524 | ||
| 041 | _aeng | ||
| 082 | _a658.575 CRAC | ||
| 100 | _aCrawford, C Merle. | ||
| 245 | _aNew products management. | ||
| 250 | _a4 | ||
| 260 |
_aAustralia _bIrwin _c1994 |
||
| 300 | _axxvii,495 | ||
| 650 | _aProduction Management | ||
| 999 |
_c198763 _d198763 |
||